Undang-undang perdagangan Malaysia

Bibliographic Details
Main Authors: Wu, Min Aun (Author), Vohrah, Beatrix (Author)
Format: Book
Language:English
Published: Kuala Lumpur : Heinemann : Longman , 1986
Subjects:

MARC

LEADER 00000cam a2200000 7i4500
001 0000009007
005 20150311093000.0
008 021119s1986 my eng
020 |a 967925142X 
020 |a 9679761207 
050 0 0 |a d11 KPG1025   |b .W86 1986 
090 0 0 |a d11 KPG1025   |b .W86 1986 
100 1 |a Wu, Min Aun ,   |e author 
245 1 0 |a Undang-undang perdagangan Malaysia   |c Wu Min Aun, Beatrix Vohrah 
260 |a Kuala Lumpur :   |b Heinemann :   |b Longman ,   |c 1986 
300 |a xxxv, 326 p. ;   |c 22 cm. 
650 0 |a Commercial law   |z Malaysia 
700 1 |a Vohrah, Beatrix ,   |e author 
999 |a 1000014521   |b Book   |c Open Shelf (7 days)   |e Gong Badak Campus 
999 |a 1000014522   |b Book   |c OPEN SHELF (30 DAYS)   |e Gong Badak Campus 
999 |a 1000014523   |b Book   |c OPEN SHELF (30 DAYS)   |e Gong Badak Campus 
999 |a 1000014524   |b Book   |c Reference   |e Gong Badak Campus 
999 |a 1000065478   |b Book   |c OPEN SHELF (30 DAYS)   |e Gong Badak Campus 
999 |a 1000074184   |b Book   |c OPEN SHELF (30 DAYS)   |e Gong Badak Campus